Wood by Picture - Statistics

General Stats
  • This quiz has been taken 14 times
  • The average score is 5 of 12
Answer Stats
Picture Answer % Correct
Oak
83%
Birch
75%
Pine
75%
Cherry
67%
Walnut
58%
Maple
42%
Ash
33%
Mahogany
33%
Purple Heart
25%
Red Cedar
25%
Olive
17%
Padauk
8%
No matching quizzes found
Score Distribution
Percent of People with Each Score
Percentile by Number Answered
Your Score History
You have not taken this quiz